000 01397cab a2200313 4500
001 ##L133296
008 060427n2006 000 0 eng u
035 _a(Sirsi) u133296
041 0 _aeng
100 1 _aIves, Paul
245 0 4 _aThe law of agency
_brights and duties of the agent
260 _c2006
490 0 _aLetting Update Journal
_v14(1) April 2006, 14-17(4)
520 _aThis second article in a series on agency provides an overview of the law of agency, its legal framework and the statutory responsibilities that exist between the parties. Looks at the specific rights and duties of an agent in relationship to his principal and third party. Covers the general principles, agent's duties, contractual, fiducial and statutory duties and the rights of the agent. (See also L132545 and L134300).
590 _aIKA090506
650 2 4 _aACCOMMODATION AGENCIES ACT 1953
650 2 4 _aSAUNDERS V SOPER
650 2 4 _aTURPIN V BILTON
650 2 4 _aFRAY V VOULES
650 2 4 _aHIPPISLEY V KNEE BROS
650 2 4 _aPREVENTION OF CORRUPTION ACT 1916 S1
650 2 4 _aYASUDA FIRE AND MARINE INSURANCE CO OF EUROPE LTD V ORION MARINE INSURANCE UNDERWRITING AGENCY LTD
650 2 4 _aGIBBON V PEASE
650 2 4 _aHEYS V TINDALL
650 2 4 _aMURRAY STURGIS
650 2 4 _aMCINNES V CLARKE
690 _aPROPERTY-RESIDENTIAL PROPERTY-RESIDENTIAL PROPERTY AGENCY
942 _n0
999 _c76916
_d76916